Statistics for The Tudors

Click here to take the quiz!

General Stats

  • This quiz has been taken 3,237 times
  • The average score is 12 of 16

Answer Stats

HintAnswer% Correct
The 1st Tudor KingHenry VII
97%
The 2nd Tudor KingHenry VIII
96%
2nd DaughterMary
95%
3rd Tudor QueenElizabeth I
91%
1st WifeCatherine of Aragon
88%
2nd WifeAnne Boleyn
87%
3rd Tudor KingEdward VI
83%
2nd Tudor QueenMary I
82%
3rd WifeJane Seymour
81%
6th WifeKatherine Parr
80%
4th WifeAnne of Cleves
74%
5th WifeKatherine Howard
73%
1st SonArthur
60%
1st Tudor QueenLady Jane Grey
52%
1st DaughterMargaret
48%
WifeElizabeth of York
43%

Score Distribution

Percentile by Number Answered

Percent of People with Each Score

Your Score History

You have not taken this quiz